| 000 | 01173nam a22003137a 4500 | ||
|---|---|---|---|
| 003 | EG-ScBUE | ||
| 005 | 20250203094502.0 | ||
| 008 | 210923s2021 ua f b 000 0 ara d | ||
| 017 | _a2012/5404 | ||
| 020 | _a9789774277375 | ||
| 040 |
_aEG-ScBUE _bara _erda _cEG-ScBUE _dEG-ScBUE |
||
| 043 | _af-ua--- | ||
| 082 | 0 | 4 |
_a363.690962 _bع ش م _222 |
| 100 | 1 |
_aالعشماوي، أشرف، _eمؤلف. |
|
| 245 | 1 | 0 |
_aسرقات مشروعة : _bحكايات عن سرقة آثار مصر وتهريبها ومحاولات استردادها / _cأشرف العشماوي. |
| 250 | _aالطبعة الخامسة. | ||
| 264 | 1 |
_aالقاهرة : _bالدار المصرية اللبنانية، _c2021. |
|
| 300 |
_a342 صفحة ؛ _c21 سم |
||
| 336 |
_2rdacontent _aنص _btxt |
||
| 337 |
_2rdamedia _aبدون وسيط _bn |
||
| 338 |
_2rdacarrier _aمجلد _bnc |
||
| 504 | _aيشتمل على إرجاعات ببليوجرافية. | ||
| 541 | _aBook Fair 2025. | ||
| 650 | 7 |
_aالمبانى التاريخية _zمصر. _2BUEsh |
|
| 651 | 7 |
_2BUEsh _aمصر _xآثار. |
|
| 653 |
_aBUEsh _bGGEN _cFebruary2025 |
||
| 655 | 7 |
_2BUEsh _vReading book |
|
| 942 | _2ddc | ||
| 999 |
_c30851 _d30822 |
||